Lahori (Record no. 3395)

MARC details
000 -LEADER
fixed length control field 00457cam a2200193ua 4500
001 - CONTROL NUMBER
control field 3556
005 - DATE AND TIME OF LATEST TRANSACTION
control field 20260515113711.0
008 - FIXED-LENGTH DATA ELEMENTS--GENERAL INFORMATION
fixed length control field 111117n ii |||gr||||Z||||||asm
040 ## - CATALOGING SOURCE
Transcribing agency MAIN
082 ## - DEWEY DECIMAL CLASSIFICATION NUMBER
Classification number 891.4513
100 1# - MAIN ENTRY--PERSONAL NAME
Personal name Gohainbaruah, Padmanath,
245 11 - TITLE STATEMENT
Title Lahori
Statement of responsibility, etc. by Padmanath Gohainbaruah
250 ## - EDITION STATEMENT
Edition statement 6th.
260 ## - PUBLICATION, DISTRIBUTION, ETC.
Place of publication, distribution, etc. Golaghat:
Name of publisher, distributor, etc. Pustak Bhandar,972.
300 ## - PHYSICAL DESCRIPTION
Extent 152p:
Dimensions 23cm.
653 ## - INDEX TERM--UNCONTROLLED
Uncontrolled term Assamese novel
653 ## - INDEX TERM--UNCONTROLLED
Uncontrolled term Lahori
942 ## - ADDED ENTRY ELEMENTS (KOHA)
Koha item type Books
Holdings
Withdrawn status Lost status Damaged status Not for loan Home library Current library Shelving location Date acquired Total checkouts Full call number Barcode Date last seen Date last checked out Copy number Price effective from Koha item type
        Naharkatiya College Library Naharkatiya College Library General stacks 09/19/2020 1 891.4513 | GOH 7452 06/27/2025 06/16/2025 1 09/19/2020 Books